Welcome to CU Library Online Public Access Catalogue (OPAC)

Opening the front door of your church / (Record no. 6171)

MARC details
000 -LEADER
fixed length control field 00513cam a22001814a 4500
001 - CONTROL NUMBER
control field 12432599
005 - DATE AND TIME OF LATEST TRANSACTION
control field 20250603084105.0
008 - FIXED-LENGTH DATA ELEMENTS--GENERAL INFORMATION
fixed length control field 010606m19949999mdu b 000 0 eng
020 ## - INTERNATIONAL STANDARD BOOK NUMBER
International Standard Book Number 1562294202 (v. 1)
050 00 - LIBRARY OF CONGRESS CALL NUMBER
Classification number BV652.25
Item number .L68 1994
082 00 - DEWEY DECIMAL CLASSIFICATION NUMBER
Classification number 254/.5
Edition information 21
100 1# - MAIN ENTRY--PERSONAL NAME
Personal name Lovett, Leonard.
245 10 - TITLE STATEMENT
Title Opening the front door of your church /
Statement of responsibility, etc. by Leonard Lovett.
260 ## - PUBLICATION, DISTRIBUTION, ETC.
Place of publication, distribution, etc. Lanham, MD. :
Name of publisher, distributor, etc. Pneuma Life Pub.,
Date of publication, distribution, etc. c1994-
300 ## - PHYSICAL DESCRIPTION
Extent v. <1 > ;
Dimensions 21 cm.
650 #0 - SUBJECT ADDED ENTRY--TOPICAL TERM
Topical term or geographic name entry element Church growth.
942 ## - ADDED ENTRY ELEMENTS (KOHA)
Source of classification or shelving scheme Library of Congress Classification
Koha item type Books
Suppress in OPAC No
999 ## -
-- 6171
-- 6171
Holdings
Withdrawn status Lost status Source of classification or shelving scheme Damaged status Not for loan Collection Home library Current library Shelving location Date acquired Total checkouts Full call number Barcode Date last seen Copy number Price effective from Koha item type
    Library of Congress Classification     Non-fiction Undergraduate Library (Christ Temple) Undergraduate Library (Christ Temple) General stacks 06/03/2025   BV652.25 LOV ulct00002883 06/03/2025 1 06/03/2025 Books
© 2023-2024 Copyright: Central University Libraries. All Rights Reserved | Created by: Mahone Tech Office